000
00208nam a22000857a 4500
999
_c
11189
_d
11189
008
181008b ||||| |||| 00| 0 eng d
100
_a
Kipling Rudyard
_9
6946
245
_a
Kim
260
_a
New Delhi
_b
Campfire
_c
2016